| 000 | 00728nam a22001937a 4500 | ||
|---|---|---|---|
| 005 | 20251108170520.0 | ||
| 008 | 250721s2001 xx 000 0 ara d | ||
| 082 | 1 | 4 | _a371.27/جام |
| 100 | 1 | _aجامل، عبد الرحمن عبد السلام | |
| 245 | 1 | 0 | _aالكفايات التعليمية في القياس و التقويم و إكتسابها بالتعلم الذاتي / |
| 250 | _aط2 . ، مزيدة و منقحة | ||
| 264 | 1 |
_aعمان : _bدار المناهج للنشر، _c2001. |
|
| 650 | 1 | 7 | _aالإختبارات و القياسات التربوية |
| 650 | 1 | 7 | _aقياس التحصيل |
| 650 | 1 | 7 | _aالتربية |
| 650 | 1 | 7 | _aالتعليم الذاتي |
| 942 |
_2ddc _cBK |
||
| 999 |
_c42387 _d42387 |
||